000 00502cam a22001811 4500
001 45382
090 _a45382
100 _a19931102d1942 km y0pory5003 ba
101 0 _apor
102 _aPT
200 1 _aIntroducão geológica
_fCarlos Torre de Assuncão
210 9 _a[S.l.
_cs.n.],
_d1942
215 _a126 p.
_cil.
_d19 cm
225 2 _aBiblioteca cosmos
_v16
_h1.ª seccão.
_iCiências e técnicas
_v5
675 _a55
700 1 _aAssun—cão,
_bC. F. Torre de,
_f1901-1987
801 0 _aPT
_bBN
_gRPC
990 _cLIVROS